Младотурецкая держава : (Record no. 203322)
[ view plain ]
| 000 -LEADER | |
|---|---|
| fixed length control field | 00612nam a2200181 a 4500 |
| 001 - CONTROL NUMBER | |
| control field | 000609453 |
| 003 - CONTROL NUMBER IDENTIFIER | |
| control field | AM-YEHGA |
| 005 - DATE AND TIME OF LATEST TRANSACTION | |
| control field | 20260403151653.0 |
| 008 - FIXED-LENGTH DATA ELEMENTS--GENERAL INFORMATION | |
| fixed length control field | 081104s1915 ||| r 000 0 rus d |
| 040 ## - CATALOGING SOURCE | |
| Original cataloging agency | AM-YEHGA |
| 041 0# - LANGUAGE CODE | |
| Language code of text/sound track or separate title | rus |
| 100 1# - MAIN ENTRY--PERSONAL NAME | |
| Personal name | Мандельштам, Андрей Николаевич |
| 245 10 - TITLE STATEMENT | |
| Title | Младотурецкая держава : |
| Remainder of title | Историко-политический очерк / |
| Statement of responsibility, etc. | А.Н. Мандельштам. |
| 260 ## - PUBLICATION, DISTRIBUTION, ETC. | |
| Place of publication, distribution, etc. | Москва : |
| Name of publisher, distributor, etc. | Б. и., |
| Date of publication, distribution, etc. | 1915. |
| 300 ## - PHYSICAL DESCRIPTION | |
| Extent | 68 с. |
| 653 0# - INDEX TERM--UNCONTROLLED | |
| Uncontrolled term | Турция - История |
| 653 0# - INDEX TERM--UNCONTROLLED | |
| Uncontrolled term | История - Турция |
| Withdrawn status | Lost status | Source of classification or shelving scheme | Damaged status | Not for loan | Collection | Home library | Current library | Date acquired | Total checkouts | Full call number | Barcode | Date last seen | Price effective from | Koha item type | Public note |
|---|---|---|---|---|---|---|---|---|---|---|---|---|---|---|---|
| Universal Decimal Classification | Agulian Individual Collection | Fundamental Scientific Library | Fundamental Scientific Library | 28/12/2016 | Agul/1295 | FL0083076 | 28/12/2016 | 28/12/2016 | Գրքեր / Books | ILL Non-Circ. | |||||
| Kusikian Individual Collection | Fundamental Scientific Library | Fundamental Scientific Library | 31/03/2026 | Кус/6657 | FL0706264 | 31/03/2026 | 31/03/2026 | Գրքեր / Books | ILL Non-Circ. |
ՀՀ Գիտությունների ազգային ակադեմիայի հիմնարար գիտական գրադարան = Fundamental Scientific Library of NAS RA
All site content, except where otherwise noted, is licensed under a